000 01012nam a2200301 i 4500
001 000012324
003 DO-SdBNP
005 20260304124929.0
007 ta
008 091111t1962 dr r 000 0dspa d
040 _aDO-SdBNP
_bspa
_cBNPHU
_erda
041 _hspa
082 7 4 _a365.45092
_bF385p
_222
100 1 _aFerreras, Ramón Alberto,
_d193?-1993
_eautor
_928990
245 1 0 _aPreso /
_cRamón Alberto Ferreras.
264 _aSanto Domingo :
_bLa Nación,
_c1962.
300 _a286 páginas ;
_c20 cm.
336 _ardacontent
_btexto
_2txt
337 _ardamedia
_bsin mediación
_2n
338 _ardacarrier
_bvolumen
_2nc
590 _aInventariado, 2025/DG
650 4 _aPresos políticos
_zRepública Dominicana
_928991
650 4 _aPersecuciones políticas
_zRepública Dominicana
_928992
650 0 _aViolencia política
_928993
651 4 _aRepública Dominicana
_xPolítica Y Gobierno
_yERA DE TRUJILLO, 1930-1961
_91374
910 _aValidado. Control de calidad. EMS
942 _2ddc
_cLBS1
999 _c11981
_d11981